| 000 | 02089nam a2200385 i 4500 | ||
|---|---|---|---|
| 001 | 000012756 | ||
| 003 | DO-SdBNP | ||
| 005 | 20240620114303.0 | ||
| 006 | a||||fr|||| 00| 0 | ||
| 007 | ta | ||
| 008 | 091117s2001 dr 000 0 spa d | ||
| 020 | _z8489525234 | ||
| 040 |
_aDO-SdBNP _bspa _cBNPHU _erda |
||
| 082 | 4 |
_a349.7293 _bV422h, 2001 _222 |
|
| 100 | 1 |
_aVega B., Wenceslao, _d1932- _938670 _qautor |
|
| 245 | 1 | 0 |
_aHistoria del derecho dominicano / _cWenceslao Vega B. |
| 250 | _a4a. edición | ||
| 264 | 1 |
_aSanto Domingo : _bINTEC, _c2001. |
|
| 300 |
_axi, 465 páginas ; _c23 cm. |
||
| 336 |
_2rdacontent _atexto _btxt |
||
| 337 |
_2rdamedia _asin mediación _bn |
||
| 338 |
_2rdacarrier _avolumen _bnc |
||
| 500 | _aNueva edición actualizada hasta 1994. | ||
| 500 | _aIncluye datos biográficos del autor en las solapas de las cubiertas. | ||
| 500 | _aIncluye referencias bibliográficas y notas al pie de las páginas. | ||
| 500 | _aIncluye índice analítico : página 425-465. | ||
| 504 | _aBibliografía : páginas 419-424 | ||
| 505 | 0 |
_aAntecedentes -- _tEl derecho castellano a fines del siglo XV -- _tEl derecho en la sociedad Taína en la Española -- _tEl derecho al descubrimiento -- _tEl primer derecho en la Isla Española -- _tLos primeros experimentos jurídicos -- _tEl derecho indiano dominicano -- _tEl derecho en los últimos años de la colonia Española -- _tLa ocupación francesa -- _tEl segundo período español (1809-1821) -- _tLa primera independencia -- _t1822-1844 -- _tEl período haitiano -- _t1844-1861-- _tEl primer derecho dominicano -- _t1861-1865 -- _tAnexión a España -- _t1865-1899 -- _t1900-1916 -- _tLa intervención militar norteamericana 1916-1924 -- _tGobierno de Vásquez -- _tLa Era de Trujillo -- _tEnsayos democráticos |
|
| 590 | _aInventariado, 2024 / MF | ||
| 650 | 4 |
_aDerecho civil _zRepública Dominicana _xHistoria _912432 |
|
| 651 | 4 |
_aRepública Dominicana _xLegislación _xHistoria _912433 |
|
| 710 | 2 |
_aInstituto Tecnológico de Santo Domingo _978911 |
|
| 910 | _aVMateo / Validado. Control de calidad MFF | ||
| 942 |
_2ddc _cLBS1 |
||
| 999 |
_c12407 _d12407 |
||